|
|
|
|
| LEADER |
00952nam a2200265 a 4500 |
| 001 |
15351640 |
| 008 |
120620s2008 bg b 000 0 eng |
| 010 |
|
|
|a 2008330979
|
| 020 |
|
|
|z 94844521407
|
| 040 |
|
|
|a DLC
|c DLC
|d BD-DhAAL
|
| 042 |
|
|
|a lcode
|
| 043 |
|
|
|a a-bg---
|
| 050 |
0 |
0 |
|a HC440.8
|b .Q37 2008
|
| 082 |
0 |
0 |
|a 338.95492
|2 22
|
| 100 |
1 |
|
|a Quasem, Md. Abul,
|d 1943-
|
| 245 |
1 |
0 |
|a Development strategies and challenges ahead of Bangladesh /
|c Md. Abul Quasem.
|
| 260 |
|
|
|a Dhaka :
|b Palok Publishers,
|c 2008.
|
| 300 |
|
|
|a vi, 156 p. ;
|c 23 cm.
|
| 504 |
|
|
|a Includes bibliographical references (p. [148]-156).
|
| 541 |
|
|
|e 00025431
|
| 651 |
|
0 |
|a Bangladesh
|x Economic conditions.
|
| 651 |
|
0 |
|a Bangladesh
|x Economic policy.
|
| 852 |
1 |
|
|a Ayesha Abed Library
|c General shelf.
|
| 999 |
|
|
|c 12419
|d 12419
|
| 952 |
|
|
|0 0
|1 0
|2 ddc
|4 0
|6 338_954920000000000_QUA
|7 0
|9 20555
|a JPGSPH
|b JPGSPH
|c GEN
|d 2012-06-24
|l 0
|o 338.95492 QUA
|p 3060025431
|r 2012-06-24
|t 1
|w 2012-06-24
|y BK
|